[Event "Waldshut BM"]
[Site "Waldshut"]
[Date "1991.??.??"]
[Round "7"]
[White "Vatter, Hans Joachim"]
[Black "Schneider, Bernd"]
[Result "1/2-1/2"]
[WhiteElo "2325"]
[BlackElo "2455"]

1.e4 c5 2.Nf3 e6 3.d4 cxd4 4.Nxd4 a6 5.Bd3 Qc7 6.O-O Nf6 7.c4 Nc6 8.Nxc6 bxc6
9.Nc3 Be7 10.f4 d6 11.Kh1 e5 12.f5 Bb7 13.Bg5 O-O 14.Rf3 Rfd8 15.Qe1 h6 16.Bd2 a5
17.Rc1 Rdc8 18.Rh3  1/2-1/2

[Event "Waldshut BM"]
[Site "Waldshut"]
[Date "1991.??.??"]
[Round "10"]
[White "Herbrechtsmeier, Christof"]
[Black "Schneider, Bernd"]
[Result "1-0"]
[WhiteElo "2290"]
[BlackElo "2455"]

1.e4 c5 2.Nf3 e6 3.d4 cxd4 4.Nxd4 a6 5.Bd3 Qc7 6.O-O Nf6 7.Qe2 d6 8.Kh1 Nc6
9.Nxc6 bxc6 10.f4 e5 11.Nd2 exf4 12.Nf3 Be7 13.Bxf4 O-O 14.e5 Nd5 15.exd6 Bxd6
16.Bxd6 Qxd6 17.Qe5 Qh6 18.Ng5 Nf6 19.Qc5 Bg4 20.Rxf6 Qxf6 21.Nxh7 Qxb2 22.Rf1 Rfe8
23.Qg5 f5 24.Qh4 Qc3 25.Ng5 Rad8 26.Qh7+ Kf8 27.Qg6 Kg8 28.h3 Bxh3 29.gxh3 Re5
30.Bxf5 Rxf5 31.Qh7+ Kf8 32.Qxf5+ Ke7 33.Qe6+  1-0

[Event "Waldshut BM"]
[Site "Waldshut"]
[Date "1991.??.??"]
[Round "11"]
[White "Vatter, Hans Joachim"]
[Black "Gerstner, Wolfgang"]
[Result "1/2-1/2"]
[WhiteElo "2325"]
[BlackElo "2385"]

1.e4 c5 2.Nf3 e6 3.d4 cxd4 4.Nxd4 a6 5.Bd3 Nc6 6.Nxc6 dxc6 7.Nd2 Qc7 8.a4 e5
9.O-O Bc5 10.Qh5 Ne7 11.Nc4 Ng6 12.a5 Be6 13.Be3 Bxe3 14.Nxe3 Nf4 15.Qf3 Nxd3
16.cxd3 Rd8 17.Ra3 O-O 18.Rc1 Qe7 19.Qg3 f6 20.Nc2 Rd7 21.Qe3 Rfd8 22.Rf1 Bf7
23.g3 Rd6 24.f4 exf4 25.Rxf4 Qd7 26.d4 Re8 27.Qf2 Rde6 28.Re3 Bg6 29.Qe2 Qe7
30.e5 fxe5 31.dxe5 Rxe5 32.Qc4+ Kh8 33.Ref3 Bxc2 34.Qxc2 Re1+ 35.Rf1 Qe3+
36.Kh1 Qxf4 37.gxf4 Rxf1+ 38.Kg2 Rxf4  1/2-1/2

[Event "Hoogovens-B"]
[Site "Wijk aan Zee"]
[Date "1991.??.??"]
[Round "4"]
[White "Martens, Martin"]
[Black "Bosboom, Manuel"]
[Result "0-1"]
[WhiteElo "2315"]
[BlackElo "2480"]

1.e4 c5 2.Nf3 e6 3.d4 cxd4 4.Nxd4 a6 5.Bd3 Nf6 6.O-O Qc7 7.Qe2 d6 8.c4 g6
9.Nc3 Bg7 10.Rd1 O-O 11.Nf3 Nbd7 12.Bf4 Ng4 13.Rac1 Nge5 14.b3 Nxf3+ 15.Qxf3 Ne5
16.Qg3 b6 17.Bb1 Bb7 18.Bg5 f5 19.Be3 Rab8 20.h3 Kh8 21.Kh1 Ba8 22.f3 Qe7
23.a4 Nf7 24.Qf2 Qc7 25.Qd2 Rfc8 26.Re1 Be5 27.exf5 gxf5 28.Bd4 Rg8 29.Re2 Rg3
30.Rf2 Rbg8 31.Ne2 R3g6 32.Bxe5+ dxe5 33.Qe3 Qd8 34.Ng1 Rg3 35.Rd2 Qh4 36.Rf1 e4
37.Kh2 e5 38.Qc3 Qf4 39.Kh1 exf3 40.Nxf3 Bxf3 41.Rxf3 Rxf3  0-1

[Event "Hoogovens-B"]
[Site "Wijk aan Zee"]
[Date "1991.??.??"]
[Round "7"]
[White "Nijboer, Friso"]
[Black "Bosboom, Manuel"]
[Result "1/2-1/2"]
[WhiteElo "2455"]
[BlackElo "2480"]

1.e4 c5 2.Nf3 e6 3.d4 cxd4 4.Nxd4 a6 5.Bd3 Qc7 6.O-O Nf6 7.Qe2 d6 8.c4 g6
9.Nc3 Bg7 10.Rd1 O-O 11.Nf3 Nbd7 12.Bf4 Nh5 13.Bd2 b6 14.Rac1 Bb7 15.Be3 Rac8
16.Bb1 Rfd8 17.h3 Qb8 18.b3 b5 19.Bg5 Re8 20.g4 b4 21.Na4 Nhf6 22.Bf4 e5
23.Bg3 Bc6 24.Nb2 Nc5 25.Nd2 h5 26.f3 hxg4 27.hxg4 Bh6 28.Nd3 Nfd7 29.Kg2 Kg7
30.Rh1 Rh8 31.Nf2 Ne6 32.Nh3 Ndc5 33.Rcd1 Nd4 34.Qf2 Nce6 35.Nf1 f6 36.Ne3 Bxe3
37.Qxe3 g5 38.Rh2 a5 39.Ng1 Nf4+ 40.Bxf4 gxf4 41.Qf2 Rxh2+ 42.Kxh2 Rh8+ 43.Kg2 Kf7
44.Rxd4 exd4 45.Qxd4 Qe8 46.Qa7+ Kf8 47.Qxa5 Qe5 48.Qxe5 dxe5 49.Ne2 Ke7
50.Nc1 Rb8 51.Nd3 Kd6 52.Kf2 Rh8 53.Kg2 Rb8 54.Kg1 Bd7 55.Bc2 Be6 56.Kf1 Ra8
57.Ke2 Rxa2 58.Nxb4 Ra1 59.Nd3 Rh1 60.Kd2 Rf1 61.Bd1 Rg1  1/2-1/2

[Event "Zalakaros op"]
[Site "Zalakaros"]
[Date "1991.??.??"]
[Round "6"]
[White "Feher, Gyula"]
[Black "Horvath, Tamas"]
[Result "1/2-1/2"]
[WhiteElo "2375"]
[BlackElo "2410"]

1.e4 c5 2.Nf3 e6 3.d4 cxd4 4.Nxd4 a6 5.Bd3 Nf6 6.O-O Qc7 7.Qe2 d6 8.c4 Be7
9.Nc3 Nc6 10.Be3 Ne5 11.f3 O-O 12.Rac1 Nxd3 13.Qxd3 Bd7 14.Rfd1 Rac8 15.b3 Rfd8
16.Qd2 Be8 17.Qf2 Qb8 18.a4 Nd7 19.a5 Nc5 20.Qa2 b5 21.b4 Na4 22.Nxa4 bxa4
23.b5 axb5 24.cxb5 Bf6 25.Nc6 Qxb5 26.Nxd8 Rxd8 27.Bb6 Ra8 28.Rxd6 h6 29.Rdd1 Bb2
30.Rb1 a3 31.Rd2 Kh7 32.Rdxb2 axb2 33.Qxb2 Qd3 34.Qb3 Qe2 35.Rc1 Rc8 36.Qd1 Rxc1
37.Qxc1 Bb5 38.h3 Qd3 39.Qc7 Kg6 40.Qe5 Qc4 41.Bc5 f6 42.Qc7 Qc1+ 43.Kh2 e5
44.Bb6 Qd2 45.Qc5 Bf1 46.Qf2 Qxf2 47.Bxf2 f5 48.Kg1 Ba6 49.exf5+ Kxf5 50.Be3 h5
51.g4+ hxg4 52.fxg4+ Ke4 53.Kf2 Kd5 54.h4 g6 55.h5  1/2-1/2

[Event "Altensteig"]
[Site "Altensteig"]
[Date "1992.??.??"]
[Round "1"]
[White "Stefansson, Hannes"]
[Black "Schlosser, Philipp"]
[Result "0-1"]
[WhiteElo "2445"]
[BlackElo "2500"]

1.e4 c5 2.Nf3 e6 3.d4 cxd4 4.Nxd4 a6 5.Bd3 Bc5 6.Nb3 Ba7 7.Qe2 Nc6 8.Be3 d6
9.Nc3 Nf6 10.O-O-O b5 11.Bxa7 Rxa7 12.g4 b4 13.Na4 O-O 14.f4 e5 15.f5 Bd7
16.g5 Ne8 17.Qe3 Rb7 18.Bxa6 Rb8 19.Qd2 Ne7 20.Nac5 Bc6 21.Bc4 Qc8 22.f6 Ng6
23.Na6 Ra8 24.Nxb4 Bxe4 25.Bd5 Bxh1 26.Rxh1 Ra4 27.h4 gxf6 28.h5 Nf4 29.g6 Rxb4
30.Rg1 Ng7 31.gxf7+ Rxf7 32.a3 Rb5 33.Bxf7+ Kxf7 34.h6 Nf5 35.Kb1 Qc4 36.Qf2 Qe4
37.Qa7+ Qb7 38.Qf2 Qb6 39.Qe1 d5 40.a4  0-1

[Event "Altensteig"]
[Site "Altensteig"]
[Date "1992.??.??"]
[Round "6"]
[White "Luther, Thomas"]
[Black "Stefansson, Hannes"]
[Result "0-1"]
[WhiteElo "2435"]
[BlackElo "2445"]

1.e4 c5 2.Nf3 e6 3.d4 cxd4 4.Nxd4 a6 5.Bd3 Nf6 6.O-O Qc7 7.Qe2 d6 8.c4 g6
9.Nc3 Bg7 10.Rd1 O-O 11.Nf3 Nc6 12.h3 Nd7 13.Bf4 Nce5 14.Rac1 b6 15.b3 Bb7
16.Bb1 f5 17.Nd4 Rae8 18.Qd2 Nf7 19.Nde2 e5 20.Bh2 Bh6 21.f4 fxe4 22.Bxe4 Bxe4
23.Nxe4 exf4 24.N2c3 f3 25.Bf4 Bxf4 26.Qxf4 Nfe5 27.Qg3 Nc5 28.Rxd6 Kh8 29.Rf1 b5
30.cxb5 axb5 31.Kh2 Nxe4 32.Nxe4 Rf5 33.Rf6 Qe7 34.Rxf5 gxf5 35.Ng5 Rg8 36.Re1 Rxg5
37.Qxe5+ Qxe5+ 38.Rxe5 f2  0-1

[Event "Altensteig"]
[Site "Altensteig"]
[Date "1992.??.??"]
[Round "6"]
[White "Brunner, Lucas"]
[Black "Schlosser, Philipp"]
[Result "1/2-1/2"]
[WhiteElo "2490"]
[BlackElo "2500"]

1.e4 c5 2.Nf3 e6 3.d4 cxd4 4.Nxd4 a6 5.Bd3 Bc5 6.Nb3 Ba7 7.Qe2 Nc6 8.Be3 d6
9.Bxa7 Rxa7 10.N1d2 Nf6 11.a4 b6 12.O-O O-O 13.Nc4 b5 14.axb5 axb5 15.Ncd2 b4
16.Rxa7 Nxa7 17.e5 dxe5 18.Qxe5 Nd5 19.Ne4 Nc6 20.Qg3 e5 21.Bc4 Nf4 22.Qe3 Bf5
23.Rc1 Bg6 24.g3 Nd5 25.Qc5 Bxe4 26.Qxc6 Nf6 27.Qc5 Qb8 28.Qb5  1/2-1/2

[Event "Altensteig"]
[Site "Altensteig"]
[Date "1992.??.??"]
[Round "8"]
[White "Luther, Thomas"]
[Black "Stangl, Markus"]
[Result "0-1"]
[WhiteElo "2435"]
[BlackElo "2475"]

1.e4 c5 2.Nf3 e6 3.d4 cxd4 4.Nxd4 a6 5.Bd3 Bc5 6.Nb3 Ba7 7.O-O Nc6 8.Bf4 d6
9.N1d2 e5 10.Bg3 Nge7 11.Be2 O-O 12.Nc4 Bb8 13.Qd2 b5 14.Ne3 Qb6 15.a4 Bb7
16.axb5 axb5 17.Rxa8 Bxa8 18.Ra1 Bc7 19.Bd3 Rd8 20.Bh4 f6 21.Nc1 Nd4 22.c3 Ne6
23.Bc2 Kh8 24.Ne2 d5 25.exd5 Nf4 26.Nxf4 exf4 27.Qd3 Ng6 28.Nf5 Bxd5 29.Ne7 Bf7
30.Qh3 Nf8 31.Nf5 g5 32.Qg4 h5 33.Qe2 Re8 34.Qf3 gxh4 35.Nh6 Qe6 36.h3 Nh7
37.Bxh7 Kxh7 38.Nxf7 Qxf7 39.Ra7 Re7 40.Rb7 Qg6 41.Kh2 Qg5 42.Ra7 Kh6  0-1

[Event "Amantea op"]
[Site "Amantea"]
[Date "1992.??.??"]
[Round "5"]
[White "Belotti, Bruno"]
[Black "Forintos, Gyozo V"]
[Result "0-1"]
[WhiteElo "2405"]
[BlackElo "2445"]

1.e4 c5 2.Nf3 e6 3.d4 cxd4 4.Nxd4 a6 5.Bd3 g6 6.c4 Bg7 7.Nf3 Nc6 8.O-O d6
9.Re1 Nge7 10.Bf1 O-O 11.Nc3 Qc7 12.Bf4 Ne5 13.Nd2 Bd7 14.Rc1 Rae8 15.Be3 f5
16.f3 f4 17.Bf2 g5 18.b4 b6 19.Nb3 Qb8 20.a4 Rd8 21.Qc2 N7c6 22.Na2 Ne7 23.a5 bxa5
24.Nxa5 Rc8 25.c5 Qa8 26.Nc3 g4 27.Qd1 gxf3 28.gxf3 dxc5 29.Bxc5 N7g6 30.Nc4 Rcd8
31.Nxe5 Nxe5 32.Qe2 Rfe8 33.Red1 Bc6 34.Bg2 Qb7 35.Rxd8 Rxd8 36.Rd1 Rxd1+
37.Qxd1 Nd7 38.Ne2 Nxc5 39.bxc5 Be5 40.Qd8+ Kf7 41.Qg5 Qb2 42.Bh3 Bd7 43.Qh5+ Ke7
44.Qxh7+ Kd8 45.Bf1 Kc7 46.Qf7 Qd2 47.Qf8 a5 48.Qa8 Qe3+ 49.Kg2 Qxc5 50.h4 a4
51.h5 Bd6 52.e5 Qxe5 53.Qa7+ Kd8 54.Nd4 Qg5+ 55.Kh2 Bc5 56.Bb5 Qg3+  0-1

[Event "Wch U26"]
[Site "Antwerp"]
[Date "1992.??.??"]
[Round "6"]
[White "Womacka, Mathias"]
[Black "Den Boer, Ber"]
[Result "1/2-1/2"]
[WhiteElo "2445"]
[BlackElo "2335"]

1.e4 c5 2.Nf3 e6 3.d4 cxd4 4.Nxd4 a6 5.Bd3 Nf6 6.O-O d6 7.c4 g6 8.Nc3 Bg7
9.Bg5 O-O 10.Qd2 b6 11.Rad1 Bb7 12.Nf3 Qc7 13.Rfe1 Nc6 14.Bf1 Ne8 15.Qf4 f6
16.Bh4 g5 17.Qg4 Qf7 18.Nxg5 fxg5 19.Qxg5 Kh8 20.Qe3 Qc7 21.Na4 Rb8 22.Qxb6 Qxb6
23.Nxb6 Rf7 24.Na4 Bd4 25.Rc1 Nf6 26.c5 Ng4 27.Re2 Rbf8 28.Rcc2 Nb4 29.Rc4 Bxf2+
30.Rxf2 Nxf2 31.Rxb4 dxc5 32.Rb6 Nxe4 33.Be2 Nd2 34.h3 Rg7 35.g4 Bf3 36.Rxe6 Bxe2
37.Bf6 Bc4 38.Bxg7+ Kxg7 39.Re7+ Rf7 40.Rxf7+ Kxf7 41.Nxc5 Ke7 42.Kf2 Kd6
43.b4 Ke5 44.Ke3 Nb1 45.Nd7+ Kd6 46.Nf6 h6 47.a4 Bb3 48.Ne4+ Ke5 49.Nc5 Bc4
50.Nd7+ Ke6 51.Nc5+ Kd5 52.Nd7 Bf1 53.h4 Nc3 54.g5 hxg5 55.hxg5 Kd6 56.Nf6 Ke5
57.Nd7+ Kd6 58.Nf6 Ke6 59.b5 a5 60.Ne4 Nxa4 61.Nd2 Bxb5 62.Nb3 Nc3 63.Nxa5  1/2-1/2

[Event "ARG-ch"]
[Site "ARG"]
[Date "1992.??.??"]
[Round "?"]
[White "Adla, Diego"]
[Black "Giardelli, Sergio C"]
[Result "0-1"]
[WhiteElo "2435"]
[BlackElo "2430"]

1.e4 c5 2.Nf3 e6 3.d4 cxd4 4.Nxd4 a6 5.Bd3 Bc5 6.Nb3 Ba7 7.Qe2 d6 8.Be3 Nf6
9.Nc3 Nc6 10.g4 Bxe3 11.Qxe3 e5 12.Be2 Bxg4 13.Bxg4 Nxg4 14.Qg3 Nf6 15.Qxg7 Rg8
16.Qh6 Rg6 17.Qd2 Qb6 18.O-O-O O-O-O 19.Rhg1 Ne7 20.Rg3 Nh5 21.Rh3 Nf4 22.Rxh7 Rf6
23.Kb1 Ne6 24.Qe3 Qxe3 25.fxe3 Rg8 26.a4 Kc7 27.Nd2 Rg2 28.Nc4 Nc5 29.Rd2 Rf1+
30.Ka2 Rxd2 31.Nxd2 Rf2 32.Nc4 Kd7 33.Na3 Nc6 34.Nd5 Nxe4 35.Nc4 Rxc2 36.Ncb6+ Ke6
37.Rh4 Nc5 38.e4 Rg2 39.Rh8 f6 40.Rh7 Nxe4 41.Rxb7 Rxh2 42.Rc7 Rc2 43.Kb1 Rc5  0-1

[Event "ARG-ch"]
[Site "ARG"]
[Date "1992.??.??"]
[Round "?"]
[White "Cid, Marino Alejandro"]
[Black "Giardelli, Sergio C"]
[Result "1-0"]
[WhiteElo "2425"]
[BlackElo "2430"]

1.e4 c5 2.Nf3 e6 3.d4 cxd4 4.Nxd4 a6 5.Bd3 g6 6.c4 Bg7 7.Nb3 Qc7 8.Nc3 Nf6
9.O-O O-O 10.Bg5 Nc6 11.Rc1 Ne5 12.Be2 d6 13.Qd2 Ne8 14.f4 Nc6 15.f5 f6 16.Be3 Qf7
17.c5 exf5 18.cxd6 Kh8 19.Rfd1 Ne5 20.Nc5 Bd7 21.Nxb7 fxe4 22.Nxe4 Qxa2 23.Nbc5 Rd8
24.Nxa6 Qf7 25.Bb6 Ra8 26.Nac5 f5 27.Ng5 Qf6 28.Nf3 Bc6 29.Nxe5 Qxe5 30.d7 Nf6
31.d8=Q Raxd8 32.Bxd8 Nd5 33.Bh4 Ne3 34.Nd3 Qe4 35.Bf3 Qxh4 36.Bxc6 Nxd1
37.Rxd1 Rd8 38.Qe2 Qd4+ 39.Kh1 h5 40.Bf3 g5 41.Nf2 Qb6 42.Rxd8+ Qxd8 43.Bxh5 Bxb2
44.Qxb2+  1-0

[Event "ARG-ch"]
[Site "ARG"]
[Date "1992.??.??"]
[Round "?"]
[White "Rosito, Jorge"]
[Black "Giardelli, Sergio C"]
[Result "1/2-1/2"]
[WhiteElo "2345"]
[BlackElo "2430"]

1.e4 c5 2.Nf3 e6 3.d4 cxd4 4.Nxd4 a6 5.Bd3 Nf6 6.O-O d6 7.c4 Be7 8.Nc3 O-O
9.Qe2 b6 10.b3 Bb7 11.Bb2 Nc6 12.Nxc6 Bxc6 13.f4 b5 14.cxb5 axb5 15.Nxb5 Bxb5
16.Bxb5 Qb6+ 17.Kh1 Nxe4 18.Qxe4 Qxb5 19.Rf3 Rfc8 20.a4 Qc6 21.Qxc6 Rxc6
22.Rc3 Rb6 23.Rac1 Bf8 24.Ba3 h5 25.Kg1  1/2-1/2

[Event "ARG-ch"]
[Site "ARG"]
[Date "1992.??.??"]
[Round "?"]
[White "Rosito, Jorge"]
[Black "Cid, Marino Alejandro"]
[Result "0-1"]
[WhiteElo "2345"]
[BlackElo "2425"]

1.e4 c5 2.Nf3 e6 3.d4 cxd4 4.Nxd4 a6 5.Bd3 Bc5 6.Nb3 Ba7 7.O-O Nc6 8.Qg4 Qf6
9.Nc3 h5 10.Qe2 Nge7 11.Be3 Ng6 12.Bxa7 Rxa7 13.Qe3 Nf4 14.Nd5 exd5 15.exd5+ Ne5
16.Qxa7 O-O 17.Be4 d6 18.Rfe1 Qg5 19.Qe3 Ng4 20.h4 Qh6 21.Qg3 g5 22.f3 gxh4
23.Qxh4 Ne5 24.g3 Nh3+ 25.Kg2 Ng5 26.Qf4 Bh3+ 27.Kh1 f5 28.Bd3 Bg4 29.Nd4 h4
30.gxh4 Qxh4+ 31.Qh2 Nh3 32.fxg4 Nxg4 33.Nf3 Qh5 34.Qg3 Nf4+ 35.Qh4 Nf2+
36.Kh2 Qxf3 37.Qg3+ Ng4+ 38.Qxg4+ fxg4 39.Be4 Qf2+ 40.Kh1 Rf6  0-1

[Event "Donau op"]
[Site "Aschach"]
[Date "1992.??.??"]
[Round "7"]
[White "Balinov, Ilija"]
[Black "Robovic, Saudin"]
[Result "1/2-1/2"]
[WhiteElo "2270"]
[BlackElo "2365"]

1.e4 c5 2.Nf3 e6 3.d4 cxd4 4.Nxd4 a6 5.Bd3 Bc5 6.Nb3 Ba7 7.Qe2 Nc6 8.Be3 Nf6
9.Bxa7 Rxa7 10.Nc3 d6 11.a4 e5 12.Bc4 Be6 13.Rd1 Nb4 14.O-O Qc7 15.Bxe6 fxe6
16.Qd2 Ke7 17.f4 exf4 18.Rxf4 Nc6 19.Kh1 Raa8 20.Qf2 Rhf8 21.Qh4 h6 22.Qh3 Rf7
23.Rf2 Qb6 24.Rfd2 Rd8 25.Qg3 Ne5 26.Nd4 Nc4 27.e5 Nxe5 28.Re1 Re8 29.Qe3 Qc5
30.Nf5+ exf5 31.Qxc5 dxc5 32.Rxe5+ Kf8 33.Rxe8+ Kxe8 34.h3 Re7 35.Kg1 Re5
36.Kf2 Ke7 37.Rd1 g5 38.Rd2 f4 39.Rd1 h5 40.Rd2 Ke6 41.Rd8 Re3 42.Ne2 Kf5
43.Rf8 b5 44.axb5 axb5 45.h4 Re6 46.b4 Re4 47.bxc5 Rc4 48.hxg5 Kxg5 49.Kf3 Rxc2
50.Nxf4 b4 51.Ne6+ Kg6 52.Nf4+ Kg7 53.Ne6+ Kg6 54.Nf4+ Kg7 55.Ne6+ Kg6 56.Nf4+ Kg7
57.Ne6+ Kg6  1/2-1/2

[Event "Athens schev (Women)"]
[Site "Athens"]
[Date "1992.??.??"]
[Round "7"]
[White "Giaidzi, Aspasia"]
[Black "Veroci, Zsuzsa"]
[Result "0-1"]
[WhiteElo "2060"]
[BlackElo "2310"]

1.e4 c5 2.Nf3 e6 3.d4 cxd4 4.Nxd4 a6 5.Bd3 Nf6 6.O-O Qc7 7.Qe2 d6 8.c4 g6
9.Nc3 Bg7 10.Nf3 Nbd7 11.Bf4 Ng4 12.Rad1 O-O 13.Bg3 b6 14.h3 Nge5 15.Nxe5 dxe5
16.f3 Nb8 17.Bb1 Nc6 18.Qd3 Rd8 19.Qe3 Bb7 20.Ne2 Rac8 21.b3 Bf8 22.Kh2 Bc5
23.Qg5 Be7 24.Qc1 Rxd1 25.Rxd1 Rd8 26.Rxd8+ Qxd8 27.Nc3 Bc5 28.Na4 Bd4 29.a3 Na5
30.Qc2 Qg5 31.Be1 Qf4+ 32.Kh1 Qe3  0-1

[Event "Athens schev (Women)"]
[Site "Athens"]
[Date "1992.??.??"]
[Round "10"]
[White "Giaidzi, Aspasia"]
[Black "Maric, Alisa"]
[Result "1/2-1/2"]
[WhiteElo "2060"]
[BlackElo "2400"]

1.e4 c5 2.Nf3 e6 3.d4 cxd4 4.Nxd4 a6 5.Bd3 Bc5 6.Nb3 Ba7 7.Qe2 d6 8.O-O Nf6
9.Rd1 Nc6 10.a4 O-O 11.Bg5 h6 12.Bh4 g5 13.Bg3 e5 14.Kh1 Be6 15.Bc4 Qe7 16.Na3 Rad8
17.Bd5 Qc7 18.Bxe6 fxe6 19.Nc4 Rd7 20.Rd2 Rc8 21.f3 Nd4 22.Nxd4 Bxd4 23.c3 Qxc4
24.cxd4 Qxe2 25.Rxe2 exd4 26.e5 Nh5 27.exd6 Nxg3+ 28.hxg3 Rxd6 29.Rd1 Rc4
30.b3 Rc3 31.Red2 d3 32.b4 Rb3 33.b5 axb5 34.axb5 Kf7 35.Kg1 Ke7 36.Kf2 Rd5
37.Rh1 Rdxb5 38.Rxh6 Kd6 39.f4 gxf4 40.gxf4 Kd5 41.Ke3 R5b4 42.Rh5+ Kd6 43.Re5 Rc4
44.Re4 Rc2 45.Rd4+ Kc6 46.g4 b5 47.R4xd3 Rxd2 48.Kxd2 Rb2+ 49.Kc3 Rf2 50.Re3 Rxf4
51.Rxe6+ Kc5 52.Re5+ Kb6 53.g5 Ka5 54.Kb3 Rf3+ 55.Kb2 Rg3 56.Rf5 Ka4 57.Rc5 b4
58.Rc2 Rxg5 59.Rf2 Rg3 60.Rh2 Rb3+ 61.Ka1  1/2-1/2

[Event "AUT-chT2O"]
[Site "AUT"]
[Date "1992.??.??"]
[Round "?"]
[White "Neulinger, Manfred"]
[Black "Roehrl, Karl"]
[Result "0-1"]
[WhiteElo "2220"]
[BlackElo "2300"]

1.e4 c5 2.Nf3 e6 3.d4 cxd4 4.Nxd4 a6 5.Bd3 Nc6 6.Nxc6 dxc6 7.O-O e5 8.Nd2 Bd6
9.Nc4 Bc7 10.a4 Ne7 11.a5 Be6 12.b4 Ng6 13.g3 Qf6 14.Qh5 h6 15.Be3 O-O 16.Rad1 Rad8
17.Bb6 Bxb6 18.Nxb6 Rd4 19.c3 Rd6 20.Bc4 Rfd8 21.Rxd6 Rxd6 22.Rd1 Qg5 23.Qe2 Nf4
24.Qe1 Nh3+ 25.Kg2 Qg4 26.f3 Nf4+ 27.Kf2 Qh3 28.gxf4 Qxh2+  0-1

[Event "Bad Woerishofen op"]
[Site "Bad Woerishofen"]
[Date "1992.??.??"]
[Round "2"]
[White "Kengis, Edvins"]
[Black "Vatter, Hans Joachim"]
[Result "1-0"]
[WhiteElo "2575"]
[BlackElo "2280"]

1.e4 c5 2.Nf3 e6 3.d4 cxd4 4.Nxd4 a6 5.Bd3 Nf6 6.O-O d6 7.Be3 Qc7 8.Nd2 Be7
9.Kh1 O-O 10.f4 Re8 11.Qf3 Nbd7 12.g4 Nc5 13.g5 Nfd7 14.b4 Nxd3 15.cxd3 d5
16.Rac1 Qd8 17.a3 Nb8 18.N2b3 b6 19.e5 Bd7 20.f5 exf5 21.Nxf5 Be6 22.Nbd4 Rf8
23.Nxe6 fxe6 24.Nxe7+ Qxe7 25.Qxf8+ Qxf8 26.Rxf8+ Kxf8 27.Rc8+  1-0

[Event "Baden-Baden-B"]
[Site "Baden-Baden"]
[Date "1992.??.??"]
[Round "2"]
[White "Vogt, Lothar"]
[Black "Bischoff, Klaus"]
[Result "0-1"]
[WhiteElo "2530"]
[BlackElo "2510"]

1.e4 c5 2.Nf3 e6 3.d4 cxd4 4.Nxd4 a6 5.Bd3 Nf6 6.O-O Qc7 7.Qe2 d6 8.c4 g6
9.Nc3 Bg7 10.Be3 O-O 11.Rfd1 Nbd7 12.Rac1 Ne5 13.f3 Bd7 14.b3 Rac8 15.Qd2 Nxd3
16.Qxd3 Rfd8 17.Nde2 Ne8 18.Kh1 Qa5 19.Bd2 Qc5 20.Nf4 Qa3 21.Be3 Qa5 22.Bd2 Qa3
23.Rc2 b5 24.cxb5 axb5 25.Rdc1 Rb8 26.Qe3 Nf6 27.Nd3 Qa8 28.Nb4 Be8 29.Ne2 d5
30.e5 d4 31.Qd3 Nd5 32.f4 Ne7 33.Ng3 Nf5 34.Ne4 h5 35.Kg1 Rbc8 36.Nc5 Bf8
37.Qe4 Bc6 38.Nxc6 Rxc6 39.Qd3 Rxc5 40.Rxc5 Bxc5 41.Rxc5 Qxa2 42.b4 Ra8 43.Rxb5 Rc8
44.Rc5 Rxc5 45.bxc5 Qd5 46.Bb4 Ne3 47.Qd2 Qc4  0-1

[Event "Baden-Baden"]
[Site "Baden-Baden"]
[Date "1992.??.??"]
[Round "5"]
[White "Wahls, Matthias"]
[Black "Boensch, Uwe"]
[Result "1/2-1/2"]
[WhiteElo "2540"]
[BlackElo "2490"]

1.e4 c5 2.Nf3 e6 3.d4 cxd4 4.Nxd4 a6 5.Bd3 Qc7 6.O-O Nf6 7.Qe2 d6 8.f4 Nbd7
9.c4 g6 10.f5 e5 11.Nb3 Be7 12.Nc3 gxf5 13.Rxf5 Nb6 14.Rf2 Rg8 15.Bd2 Be6
16.Nd5 Nfxd5 17.cxd5 Bg4 18.Qe1 Bh4 19.g3 Qd7 20.Be3 Nc8 21.Rc1 Bh3 22.Rfc2 Bd8
23.Bf1 Ne7 24.Bxh3 Qxh3 25.Nd2 Ba5 26.Bf2 h5 27.Qf1 Qxf1+ 28.Nxf1 f5 29.Ne3 Bd8
30.exf5 Rf8 31.Rc4 Nxf5 32.Rb4 Nxe3 33.Bxe3 Rf7 34.Rf1 Rxf1+ 35.Kxf1 b5 36.g4 hxg4
37.Rxg4 Kf7 38.a4 Rb8 39.h4 bxa4 40.h5 Rxb2 41.Rxa4 a5 42.h6 Rb4 43.Ra2 a4
44.Rf2+ Kg8 45.Rg2+ Kh8 46.Rg7 a3 47.Ra7 Bb6 48.Bxb6 Rxb6 49.Ke2 a2 50.Ke3 Rb7
51.Rxa2 Rf7 52.Ra8+ Kh7 53.Re8 Rf6 54.Re6 Rxh6 55.Ke4 Kg7 56.Re7+ Kf8 57.Rd7 Rf6
58.Ke3 Ke8 59.Ra7 Rf7 60.Ra6 Ke7 61.Ra7+ Kf8 62.Ra6 Rf6 63.Ra7 Ke8 64.Ra8+ Kd7
65.Ra7+ Kc8 66.Ra6 Kc7 67.Rc6+ Kd7 68.Ra6 Rf4 69.Ra7+ Kd8 70.Ra6 Kc7 71.Rc6+ Kd7
72.Rb6 Rc4 73.Rb7+ Kc8 74.Rb6 Kc7 75.Rb1 Ra4 76.Rb2 Rd4 77.Rb5 Kd8 78.Rb8+ Ke7
79.Rb7+ Kf6 80.Rb5 Kf5 81.Ra5 Re4+ 82.Kf2 Kf6 83.Rb5 Rd4 84.Ke3 Kg5 85.Ra5 Kf5
86.Rb5 Rd1 87.Ke2 Rd4 88.Ke3 Re4+ 89.Kf2 Rf4+ 90.Ke3 e4 91.Rb8 Rf3+ 92.Kd4 Rd3+
93.Kc4 Rd1 94.Rh8 Kf4 95.Rh6 e3 96.Rf6+ Kg4 97.Re6 Kf3 98.Rf6+ Kg3 99.Rg6+ Kf2
100.Rf6+ Ke1 101.Rxd6 e2 102.Re6 Kf2 103.Kc5 Rc1+ 104.Kb6 e1=Q 105.Rxe1 Rxe1
106.d6 Rd1 107.Kc7 Rxd6 108.Kxd6  1/2-1/2

[Event "Balatonbereny op"]
[Site "Balatonbereny"]
[Date "1992.??.??"]
[Round "8"]
[White "Milov, Leonid"]
[Black "Horvath, Csaba"]
[Result "1/2-1/2"]
[WhiteElo "2400"]
[BlackElo "2515"]

1.e4 c5 2.Nf3 e6 3.d4 cxd4 4.Nxd4 a6 5.Bd3 Nf6 6.O-O Qc7 7.Be3 d5 8.Nc3 dxe4
9.Nxe4 Nbd7 10.Qf3 Nxe4 11.Bxe4 Bd6 12.Qh3 Nc5 13.Bf3 O-O 14.Rad1 Bd7 15.Rd2 Bf4
16.Re1 Rad8 17.Qh4 Bxe3 18.fxe3 Na4 19.c3 Nb6 20.Qg3 e5 21.Be2 Bc8 22.Red1 f6
23.b3 Qe7 24.Nc2 Rxd2 25.Rxd2 Rd8 26.Qe1 Bf5 27.Qd1 Rxd2 28.Qxd2 h6  1/2-1/2

[Event "Bankia tt"]
[Site "Bankia"]
[Date "1992.??.??"]
[Round "2"]
[White "Stoinev, Metodi"]
[Black "Velikov, Petar"]
[Result "1/2-1/2"]
[WhiteElo "2380"]
[BlackElo "2445"]

1.e4 c5 2.Nf3 e6 3.d4 cxd4 4.Nxd4 a6 5.Bd3 g6 6.O-O Bg7 7.Be3 d6 8.c4 Nf6
9.Nc3 O-O 10.Kh1 Nbd7 11.Rc1 Qc7 12.f4 b6 13.b4 Bb7 14.Nb3 Rac8 15.Qe2 Rfd8
16.Bg1 Qb8 17.Na4 Bc6 18.Nc3 Bb7 19.a4 Ba8 20.Rc2 Nh5 21.Nd1 a5 22.b5 Re8
23.Be3 Nhf6 24.Bc1 Qb7 25.Nc3 Qc7 26.Ba3 Nh5 27.g4 Nhf6 28.Kg1 Bf8 29.Nd1 Qb7
30.Rd2 d5 31.Bxf8 dxe4 32.Bb1 Rxf8 33.Ne3 Qc7 34.Rfd1 Nc5 35.Nxc5 Qxc5 36.Qf2 Qc7
37.Rd6 Rcd8 38.Qd2 Rxd6 39.Qxd6 Qb7 40.Rd4 h5 41.g5 Ne8 42.Qe5 Qe7 43.Bxe4 Bxe4
44.Qxe4 Qb4 45.Qb7 Qc5 46.Qe4 Nd6 47.Qd3 Nf5 48.Nxf5 exf5 49.Kg2 Kg7 50.Kf3  1/2-1/2

[Event "Bankia tt"]
[Site "Bankia"]
[Date "1992.??.??"]
[Round "3"]
[White "Panajotov, Janko"]
[Black "Ninov, Kiril"]
[Result "0-1"]
[WhiteElo "2245"]
[BlackElo "2395"]

1.e4 c5 2.Nf3 e6 3.d4 cxd4 4.Nxd4 a6 5.Bd3 Bc5 6.Nb3 Ba7 7.Qe2 Nc6 8.Be3 d6
9.O-O Nf6 10.Bxa7 Rxa7 11.a4 b6 12.Nc3 O-O 13.Rad1 Bb7 14.Qe3 Qc7 15.Rd2 Raa8
16.Rfd1 Rfd8 17.f4 Nb4 18.Be2 Rd7 19.Bf3 Rad8 20.Qd4 Nc6 21.Qf2 Ne7 22.g3 h6
23.h3 e5 24.fxe5 dxe5 25.Rxd7 Rxd7 26.Rxd7 Nxd7 27.Be2 Nc8 28.Bd3 Nd6 29.Qe2 Nc5
30.Nxc5 Qxc5+ 31.Kh2 a5 32.Qe1 Qb4 33.b3 Bxe4 34.Bxe4 Nxe4 35.Qxe4 Qxc3 36.h4 h5
37.Kh3 g6 38.Qb7 Qe1 39.Kg2 Qd2+ 40.Kh3 Qe1 41.Kg2 Qe2+ 42.Kh3 Qf1+ 43.Kh2 Qf2+
44.Kh3 Qf5+ 45.Kh2  0-1

[Event "Barcelona"]
[Site "Barcelona"]
[Date "1992.??.??"]
[Round "?"]
[White "Magem Badals, Jorge"]
[Black "Tal, Mihail"]
[Result "1/2-1/2"]
[WhiteElo "2515"]
[BlackElo "2525"]

1.e4 c5 2.Nf3 e6 3.d4 cxd4 4.Nxd4 a6 5.Bd3 Bc5 6.Nb3 Ba7 7.Nc3 Nc6 8.Qe2 d6
9.Be3 Nf6 10.O-O-O b5 11.g4 b4 12.Nb1 Bxe3+ 13.Qxe3 Nxg4 14.Qg3 Nf6 15.Qxg7 Rg8
16.Qh6 Ne5 17.N1d2 Bb7 18.f4 Nxd3+ 19.cxd3 Rg6 20.Qh3 Qb6 21.Rhf1 Qb5 22.f5 exf5
23.Rxf5 Bc8 24.Nc4 Nxe4 25.Rxb5 Bxh3 26.Rxb4 Nf2 27.Rd2 Ng4 28.Nb6 Ra7 29.Nd5 Ne5
30.Nd4 Kf8 31.b3 Be6 32.Rb8+ Kg7 33.Nf4 Rg4 34.Nfxe6+ fxe6 35.Nxe6+ Kf6 36.Nd8 Rd4
37.Nb7 Rb4 38.d4 Nd7 39.Rf2+ Kg6 40.Rg2+ Kf6 41.Rf2+ Kg6  1/2-1/2

[Event "Belfort op"]
[Site "Belfort"]
[Date "1992.??.??"]
[Round "6"]
[White "Degraeve, Jean Marc"]
[Black "Koch, Jean Rene"]
[Result "1-0"]
[WhiteElo "2470"]
[BlackElo "2460"]

1.e4 c5 2.Nf3 e6 3.d4 cxd4 4.Nxd4 a6 5.Bd3 Nf6 6.O-O Qc7 7.f4 d6 8.b3 Nbd7
9.Bb2 Be7 10.Qe2 O-O 11.c4 Re8 12.Nc3 b6 13.Rae1 e5 14.Nf5 Bf8 15.Nd5 Nxd5
16.exd5 g6 17.Ng3 f5 18.Nxf5 gxf5 19.Bxf5 Re7 20.Be6+ Rxe6 21.dxe6 Nc5 22.fxe5 Nxe6
23.exd6 Qxd6 24.Rf6 Qc5+ 25.Kh1 Ng7 26.Ref1 Bd7 27.Rf7 Re8 28.Qd2 Be6 29.Ra7 Re7
30.Ra8 Rf7 31.Rxf7 Kxf7 32.Ra7+ Be7 33.Qh6 Nf5 34.Qf6+ Ke8 35.Qxe6 Qf2 36.Ra8+  1-0

[Event "Belfort op"]
[Site "Belfort"]
[Date "1992.??.??"]
[Round "6"]
[White "Gobet, Fernand"]
[Black "Gilles, Raphael"]
[Result "0-1"]
[WhiteElo "2390"]
[BlackElo "2285"]

1.e4 c5 2.Nf3 e6 3.d4 cxd4 4.Nxd4 a6 5.Bd3 g6 6.Nd2 Bg7 7.N2f3 d6 8.O-O Nf6
9.Re1 O-O 10.a4 b6 11.b4 Bb7 12.Bb2 Qc7 13.Ra3 Qe7 14.Qa1 e5 15.Nb3 Nc6 16.Bc3 Nd8
17.Nbd2 Rc8 18.Nf1 Ne6 19.Bd2 Nh5 20.Qa2 Nhf4 21.Bc4 Rxc4 22.Qxc4 d5 23.exd5 Bxd5
24.Qxa6 e4 25.Bxf4 exf3 26.gxf3 Qxb4 27.Rae3 Nxf4 28.Qb5 Nh3+ 29.Kh1 Qh4
30.Ng3 Nf4 31.Ne2 Rd8 32.Re8+ Rxe8 33.Qxe8+ Bf8 34.Nxf4 Qxf4 35.Qe3 Bxf3+
36.Qxf3  0-1